Semántica y lógica.

Gorde:
Xehetasun bibliografikoak
Egile nagusia: Pottier, Bernard (autor)
Beste egile batzuk: Diamante, Esther (versión española)
Formatua: Liburua
Hizkuntza:gaztelania
Argitaratua: Madrid, España: Gredos, 1983.
Saila:Biblioteca Románica Hispánica. II Estudios y Ensayos, 325.
Gaiak:
Etiketak: Etiketa erantsi
Etiketarik gabe, Izan zaitez lehena erregistro honi etiketa jartzen!

MARC

LEADER 00000nam a2200000 a 4500
001 UCQ2769
003 CL-VaPUC
005 20231128160631.0
008 980731e19830000SP |||||||||||||||||spa|d
999 |c 273538  |d 273536 
020 |a 84-249-0870-8 (rústica) 
020 |a 84-249-0871-6 (tela) 
040 |c Pontificia Universidad Católica de Valparaíso 
082 0 4 |a 401.43 POT 1983  |2 21 
100 0 |a Pottier, Bernard  |e autor  |9 416834 
245 1 0 |a Semántica y lógica.  
260 |a Madrid, España:   |b Gredos,  |c 1983. 
300 |a 368 páginas.  
490 0 |a Biblioteca Románica Hispánica. II Estudios y Ensayos, 325. 
500 |a c.3 Donación Familia Prof. Alejandro Guzmán Brito. 
583 |a last modification  |c 19980731 00:00:00  |k Rodrigo Vera 
650 0 |a Semántica  |9 265318 
650 0 |a Lógica  |9 256849 
650 0 |a Análisis lingüístico  |9 314711 
650 0 |a Teoría lingüística   |2 CL-VaPUC  |9 493548 
650 7 |a Lingüística descriptiva  |2 CL-VaPUC  |9 416835 
650 0 |a Lingüística  |9 265068 
700 |a Diamante, Esther  |e versión española  |9 865400 
942 |c BK  |2 ddc  |n 0 
945 |d 19980731 00:00:00  |a crobeson 
952 |0 0  |1 0  |4 0  |6 401_430000000000000_POT_1983  |7 0  |8 A  |9 309183  |a BIBEDU  |b BIBEDU  |d 2019-11-20  |i 1449354  |o 401.43 POT 1983  |p 1449354  |r 2019-11-20  |w 2019-11-20  |y BK  |k LIT 
952 |0 0  |1 0  |4 0  |6 401_430000000000000_POT_1983  |7 0  |8 A  |9 309184  |a FDOPOS  |b FDOPOS  |d 2019-11-20  |i 1467891  |o 401.43 POT 1983  |p 1467891  |r 2025-01-22  |w 2019-11-20  |y BK  |k MLA